| 000 | 00318nam a2200121Ia 4500 | ||
|---|---|---|---|
| 008 | 190216s9999||||xx |||||||||||||| ||und|| | ||
| 100 | _aSubburaj Vk | ||
| 245 | 0 | _aCivil Services Preliminary Examination | |
| 260 |
_bSura College Of Competition _c1985 |
||
| 300 | _a1119p | ||
| 650 | _aCivil Service Exam | ||
| 942 | _cREF | ||
| 999 |
_c35574 _d35574 |
||